000 00661nam a2200277Ia 4500
005 20260324145250.0
008 008 260324s9999 xx 000 0 eng d
020 _a9781003484448
037 _aEBOOK
040 _aCRL
040 _beng
040 _cCRL
041 _2eng
041 _aeng
084 _qCRL
100 _aSeymour Wapner; Bernard Kaplan
_91222350
245 0 _aToward a Holistic Developmental Psychology
260 _bTaylor and Francis
260 _c1983
365 _a
365 _b160
856 _uhttp://www.taylorfrancis.com/books/9781003484448
942 _cEBOOK
999 _c1830013
_d1830013